|
|
|
|
| LEADER |
01019ncm a2200265 a 4500 |
| 001 |
000869264 |
| 003 |
CZ BrMZK |
| 005 |
20160922145025.0 |
| 008 |
070918s2005 xr zzaeg d |
| 024 |
2 |
|
|q (v hudebnině neuvedeno :
|q kroužková vazba)
|
| 040 |
|
|
|a BOA001
|b cze
|
| 048 |
|
|
|a wc01
|b ka01
|
| 072 |
|
7 |
|a 788
|x Hudba pro dechové nástroje
|2 Konspekt
|9 9
|
| 100 |
1 |
|
|a Jančík, František
|7 xx0063990
|4 cmp
|
| 245 |
1 |
0 |
|a Klarinetový tanec
|h [hudebnina] :
|b pro klarinet a klavír /
|c František Jančík
|
| 260 |
|
|
|a Brno :
|b NELA,
|c 2005
|
| 300 |
|
|
|a 1 partitura (8 s.) + 1 hlas ;
|c 30 cm
|
| 650 |
0 |
7 |
|a dua (klarinet, klavír)
|7 ph452637
|2 czenas
|
| 650 |
0 |
7 |
|a drobné skladby (klarinet, klavír)
|7 ph452601
|2 czenas
|
| 650 |
0 |
7 |
|a drobné skladby
|7 ph321708
|z Česko
|y 20.-21. stol.
|2 czenas
|
| 655 |
|
7 |
|a partitury a hlasy
|7 fd186702
|2 czenas
|
| 910 |
|
|
|a BOA001
|b Mus4-1192.348
|
| 990 |
|
|
|a MU
|
| 991 |
|
|
|b 200711
|c NOV
|
| 996 |
6 |
|
|b 2610321418
|c Mus4-1192.348
|l MZK
|r Sklad / do 1 hodiny
|n 0
|w 000869264
|u 000010
|a 1
|e BOA001
|j MZK50
|s P
|